Quizzes
Events
Quiz Creation
Community
Videos
Private Events
Remove Ads
Sign In
Join for FREE
Feedback
Dark Mode
Quiz Categories
Sports
Geography
Music
Movies
Television
Just For Fun
Miscellaneous
History
Literature
Language
Science
Gaming
Entertainment
Religion
Holiday
For Kids
Quiz Lab
Recent
Popular Today
Quiz Kudos Today
Editor Picks
Curator Picks
Quizzes by...
Day
Popularity
Type
Ratings
Length
Year
Community
Subscriptions
Recent Discussions
Orange Saloon
Badges
Playlists
Quests
Create
Leaderboards
Showdown
Live 5
Trivia Bingo
Activity
Puzzle Library
Sporcle Events
Private Events
Virtual Trivia
Globe League
Become a Host
Pub Owners
SporcleCon
Opinionation
Our Games
Videos
Blog
Mobile Apps
Partnerships
Remove Ads and Go Orange
Feedback
Music
Pop Music
The Beatles
Song
Album
Lyrics
Bands
Singers
Artist
Clip
Rock
Rap
Classical
Billboard
Country Music
Kpop
Taylor Swift
Music
Pop Music
The Beatles
Song
Album
Lyrics
Bands
Singers
Artist
Clip
Rock
Rap
Classical
Billboard
Country Music
Kpop
Taylor Swift
Random Quiz
Search Sporcle
×
Quiz Lab
Quiz Lab
Music
Kpop
Type in answers that appear in a list
Type in answers that appear in a list
Classic
Best Score? Go Orange.
Kpop rookie groups 2016 Stats
Can you name the members of kpop rookie groups 2016?
By
vanilje
20m
53 Questions
551 Plays
551 Plays
551 Plays
Comments
Comments
Give Quiz Kudos
Give Quiz Kudos
-
- Ratings
hide this ad
Replay
Link that replays current quiz
Next Quiz
Link to next quiz in quiz playlist
You Got
0%
They Got
Avg Score
45%
Avg Friend Score
Upgrade to see
Score Distribution
Jump to the score distribution portion of the page
Score
0/53
Timer
20:00
0
Plays Today
Hint
Answer
% Correct
NCT U
Mark
89.7%
NCT U
TaeYong
86.6%
NCT U
Ten
84.6%
ASTRO
JinJin
78.4%
NCT U
Taeil
77.7%
ASTRO
MJ
77%
ASTRO
Rocky
76.6%
ASTRO
SanHa
75.9%
ASTRO
MoonBin
75.3%
ASTRO
EunWoo
74.6%
NCT U
JaeHyun
73.5%
NCT U
DoYoung
73%
I.O.I
SoMi
68.1%
Cosmic Girls /
WJSN
EXY
56.1%
I.O.I
Pinky
55.7%
I.O.I
MiNa
54.3%
I.O.I
NaYoung
51%
I.O.I
ChungHa
50.8%
I.O.I
SoHye
49.5%
I.O.I
DoYeon
48.8%
KNK
Seungjun
48.5%
Cosmic Girls /
WJSN
Cheng Xiao
47%
I.O.I
SeJeong
47%
I.O.I
YooJung
46.8%
I.O.I
ChaeYeon
46.5%
KNK
Heejun
45.4%
KNK
Youjin
45%
Hint
Answer
% Correct
CoCoSoRi
CoCo
45%
CoCoSoRi
SoRi
45%
I.O.I
YeunJung
42.6%
KNK
Jihun
42.5%
Cosmic Girls /
WJSN
Bona
40.7%
Cosmic Girls /
WJSN
Mei Qi
39%
Cosmic Girls /
WJSN
Luda
39%
Cosmic Girls /
WJSN
DaYoung
37.4%
Cosmic Girls /
WJSN
DaWon
37%
Cosmic Girls /
WJSN
Xuan Yi
35.4%
Cosmic Girls /
WJSN
SeolA
35.4%
Cosmic Girls /
WJSN
YeoReum
33%
Cosmic Girls /
WJSN
EunSeo
32.8%
IMFACT
JeUp
32.3%
IMFACT
JiAn
29%
Cosmic Girls /
WJSN
SooBin
28.7%
IMFACT
Sang
27.9%
IMFACT
TaeHo
27.6%
IMFACT
UngJae
27%
25.3%
25.3%
25.3%
25.3%
KNK
Iseong
24.5%
Wable
Lee Pu Reum
8.2%
Wable
Lee Ki Rim
7.4%
Quiz Playlist
Details
Report
Send in Message
Add To Playlist
Classic:
Type in answers that appear in a list
Last Updated: Feb 16, 2017
Quiz Scoreboard
CHALLENGE
Sign Up to Join the Scoreboard
Show All
Scores
Hide
Comments
May contain spoilers
Recently Published
9x9 Crossword: Cartoon Network
by jackfrog10
Miscellaneous
3m
College Basketball Coaching Resumes
by pancakes188
Sports
9m
Billboard Blitz: Fleetwood Mac
by CooCooCachoo
Music
15s
More to Explore
Quiz From the Vault
Featured Blog Post
Where Did the Easter Bunny Come From?
hide this ad
You Might Also Like...
Tags
Kpop Quiz
Kpop Quiz
Today's Top Quizzes in Music
Browse Music
hide this ad
Today's Top Quizzes in Kpop
Browse Kpop
Top Contributed Quizzes in Music
1
Taylor Swift All Songs (2024)
2
Guess the Artist- 70s Songs
3
7-to-1: Billboard Hot 100 #1 Hits of 2010s
4
Sorting Albums and Songs
5
Taylor Swift Logic Puzzle
6
KPOP LOGIC QUIZ
7
Guess the Taylor Swift song (Mystery Song)
8
Guess The Taylor Swift Lyrics Song #1
9
Billboard Blitz: ABBA
10
One Thing in Common: Music
Explore More
Trending Topics
Disney
Kpop
Crossword
Marvel
Anime
NBA
Harry Potter
Soccer
WWE
Song
NFL
Country
Pokémon
The Office
Puzzle
hide this ad
More By:
vanilje
Quiz
Plays
Rating
Category
Featured
Created
easy BTS logic puzzle (2016)
40,565
3.55
Music
May 16, 2016
kpop logic puzzle
12,619
4.60
Music
May 15, 2016
Easy Got7 logic puzzle (2016)
4,861
3.86
Music
May 23, 2016
Kpop group members
2,058
4.00
Music
May 28, 2016
Fire lyrics (BTS)
1,675
3.00
Music
May 1, 2016
Go to Creator's Profile
Score Distribution
Quiz Creator Spotlight
vanilje
Follow
Send a Message
Quizzes Created
-
Created Quiz Play Count
-
More By This Creator
Popular Quizzes Today
1
Find the US States - No Outlines Minefield
2
Find the Countries of Europe - No Outlines Minefield
3
The Countries of the World
4
Find the US States
5
Risky Map Clicking: Biggest States A-Z
6
US States
7
Popular People in 1961
8
Movies - When Are They Set?
More Music Quizzes
#1 Songs by Lyrics (2020)
Quiz Lab
Trending Quizzes
Risky Map Clicking: Least Populous States A-Z
1-10 Letter G Words
1-10 Letter F Words
Risky Map Clicking: Next State Alphabetically
Adjectives in 80s TV Shows
Recently Updated
Leaping Animals
pecheneg
Reality TV Shows (A-Z)
bhenderson79
Rickey Henderson's Hall of Fame Teammates
pecheneg
Champions League XIs: Arsenal
pecheneg
Quick Pick: Celebrities in WWE's Hall of Fame
aduchscher
A-Z Keypad Blitz II
pecheneg
Multiple Oscar Actors
pecheneg
Mystery Phrase Blitz: Oscar 'Best Actors'
pecheneg
F. Scott Fitzgerald Novels
LTH
Pick 3 Villains
ddd62291
Trending Topics
Harry Potter
Marvel
Kpop
Disney
Anime
NBA
Crossword
Puzzle
Country
WWE
The Office
Pokémon
NFL
Soccer
Song
Your Account Isn't Verified!
In order to create a playlist on Sporcle, you need to verify the email address you used during registration. Go to your
Sporcle Settings
to finish the process.
Report this User
Report this user for behavior that violates our
Community Guidelines
.
Details:
Send Report
Go to the Sporcle.com Mobile Site →
Comments